Najczęściej wyszukiwani piłkarze Euro 2024 (w tym momencie) - Statystyki

Ogólne statystyki
  • Ten quiz został rozwiązany 137 razy
  • Średni wynik to 12 z 25
Statystyki odpowiedzi
L.p Reprezentacja Piłkarz % Poprawnych
1 Portugalia Cristiano Ronaldo
99%
2 Francja Kylian Mbappe
97%
8 Polska Robert Lewandowski
93%
6 Anglia Harry Kane
91%
7 Chorwacja Luka Modric
87%
20 Niemcy Jamal Musiala
77%
11 Niemcy Florian Wirtz
70%
5 Hiszpania Lamine Yamal
70%
4 Anglia Jude Bellingham
65%
9 Niemcy Manuel Neuer
65%
17 Turcja Arda Guler
60%
3 Niemcy Toni Kroos
56%
25 Dania Christian Eriksen
53%
16 Belgia Kevin De Bruyne
51%
15 Anglia Phil Foden
50%
10 Niemcy Thomas Muller
47%
12 Holandia Frenkie de Jong
33%
19 Anglia Cole Palmer
21%
18 Słowenia Benjamin Sesko
19%
24 Holandia Jeremie Frimpong
12%
14 Turcja Kenan Yildiz
6%
23 Niemcy Maximilian Mittelstadt
5%
22 Anglia Kobbie Mainoo
4%
21 Niemcy Pascal Gross
2%
13 Szwajcaria Zeki Amdouni
0%
Nie znaleziono quizów pasujących do podanych kryteriów
Rozkład punktacji
Procent ludzi z każdym wynikiem
Percentyl według liczby udzielonych odpowiedzi
Twoja historia wyników
Nie rozwiązałeś tego quizu